000 01928ngm a2200421 4500
003 dpl
005 2010031008148.0
007 DVD
008 ||||||sp199 xxu|||||c ||| 00| 0 ng d
010 _aDVD-006272-6275
024 _c99.00
035 _aDVD-006272-6275
040 _aDPL
_cDPL
082 _aDVD TRID
245 _aTridev
_cTrimurti Films Presents
_h[videorecording] DVD/
260 _bShemaroo Home Entertainment
300 _a1 videodisc VCD;
_bsd., col. ;
_c4 3/4 in.
_fDVD
440 _aShemaroo Home Entertainment
538 _aDolby Digital 5.1 - Hindi Subtitles: English
538 _aNTSC Format-All Regions, 16x9 Anamorphic (2:23.1 Aspect Ratio), Dual Layer
650 _aHindi Movie Songs
700 _aRai, Gulshan
700 _aRai, Rajeev
700 _aAnanad Ji
700 _aKalyan Ji
700 _aShroff, Jackie
700 _aShah, Naseeruddin
700 _aDeol, Sunnt
700 _aDixit, Madhuri
700 _aBijlani, Sangeeta
700 _aSonam
942 _cCF
_2ddc
_hDVD
_mTRID
999 _c34554
_d34554